Critical issues in tourism : a geographical perspective
Αποθηκεύτηκε σε:
| Κύριος συγγραφέας: | |
|---|---|
| Άλλοι συγγραφείς: | |
| Μορφή: | Βιβλίο |
| Γλώσσα: | English |
| Δημοσίευση: |
Oxford :
Blackwell Publishers,
c1993
|
| Σειρά: | IBG studies in geography
|
| Θέματα: | |
| Ετικέτες: |
Προσθήκη ετικέτας
Δεν υπάρχουν, Καταχωρήστε ετικέτα πρώτοι!
|
MARC
| LEADER | 00000nam a2200000 i 4500 | ||
|---|---|---|---|
| 001 | 1/69320 | ||
| 008 | 981102s1994 eng d | ||
| 020 | |a 0-631-18131-8 | ||
| 035 | |l 10030355 | ||
| 040 | |a GR-MY-UA |b gre |e aacr | ||
| 041 | 0 | |a eng | |
| 082 | 0 | |a 338.4791 | |
| 100 | 1 | |a Shaw, Gareth. | |
| 245 | 1 | 0 | |a Critical issues in tourism : |b a geographical perspective / |c Gareth Shaw; Allan M. Williams |
| 260 | |a Oxford : |b Blackwell Publishers, |c c1993 | ||
| 300 | |a 280 p. |b fig.; tabl. | ||
| 490 | 1 | |a IBG studies in geography | |
| 504 | |a Includes bibliographical references and index | ||
| 650 | 0 | 0 | |a Tourism. |
| 700 | 1 | |a Williams, Allan M. | |
| 830 | 0 | |a IBG studies in geography | |
| 852 | |a INST |b LESVOS |e 19981102 |h 338.4791 SHA |p 005100012802 |q 005100012802 |t BK |y 0 | ||
| 901 | |a BIBL-1998-3 | ||
| 909 | |a Λ |b 059943 | ||
| 922 | |a 1ΕΛΗ |b 199810 |c ΚΠΣ/ΤΓ |d ΠΑΠΑΣΩΤΗΡΙΟΥ | ||
| 950 | |a 118-1998-07-18 | ||